书目信息 |
| 题名: |
寻找沙飞
|
|
| 作者: | 刘深 著 | |
| 分册: | ||
| 出版信息: | 北京 人民出版社 2017 |
|
| 页数: | 341页 | |
| 开本: | 23cm | |
| 丛书名: | ||
| 单 册: | ||
| 中图分类: | K825.72 | |
| 科图分类: | ||
| 主题词: | 摄影家--生平事迹--中国--现代 | |
| 电子资源: | ||
| ISBN: | 978-7-01-016650-6 | |
| 000 | 01265nam0 2200277 45 | |
| 001 | 012001002683 | |
| 005 | 20140926114740.0 | |
| 010 | @a978-7-01-016650-6@dCNY90.00 | |
| 100 | @a20170524d2017 em y0chiy50 ea | |
| 101 | 0 | @achi |
| 102 | @aCN@b110000 | |
| 105 | @aa az 001yd | |
| 106 | @ar | |
| 200 | 1 | @a寻找沙飞@9xun zhao sha fei@e一个战地记者的影像战争@f刘深著 |
| 210 | @a北京@c人民出版社@d2017 | |
| 215 | @a341页@c图,照片@d23cm | |
| 314 | @a刘深,资深媒体人、导演、历史文化学者、作家,1991年毕业于中国社会科学院研究生院新闻系,获文学硕士学位,现供职深圳报业集团。主要作品有《逃出生天——美军“飞虎队”克尔中尉香港历险记》《香港大沦陷》等。 | |
| 320 | @a有书目(第338页)和索引(第339-341页) | |
| 330 | @a本书再现了著名记者沙飞传奇的一生,以沙飞的摄影实践为主脉络,逐一寻找沙飞的足迹,探寻了他的主要作品的拍摄实地,走访了他工作、生活的诸多遗址,试图向人们有依有据地讲述沙飞短短38年的生命历程,揭示他成功的奥秘,让后人更好地了解沙飞所摄珍贵影像的来之不易。 | |
| 517 | 1 | @a一个战地记者的影像战争@9yi ge zhan di ji zhe de ying xiang zhan zheng |
| 600 | 0 | @a沙飞@f(1912-1950)@x生平事迹 |
| 606 | 0 | @a摄影家@x生平事迹@y中国@z现代 |
| 690 | @aK825.72@v5 | |
| 701 | 0 | @a刘深@9liu shen@4著 |
| 801 | 0 | @aCN@b上海新华@c20180901 |
| 905 | @b1161302-6@dK825.72@e1189@f5 | |
| 寻找沙飞:一个战地记者的影像战争/刘深著.-北京:人民出版社,2017 |
| 341页:图,照片;23cm |
| ISBN 978-7-01-016650-6:CNY90.00 |
| 本书再现了著名记者沙飞传奇的一生,以沙飞的摄影实践为主脉络,逐一寻找沙飞的足迹,探寻了他的主要作品的拍摄实地,走访了他工作、生活的诸多遗址,试图向人们有依有据地讲述沙飞短短38年的生命历程,揭示他成功的奥秘,让后人更好地了解沙飞所摄珍贵影像的来之不易。 |
| ● |
| 相关链接 |
|
|
|
|
正题名:寻找沙飞
索取号:K825.72/1189
 
预约/预借
| 序号 | 登录号 | 条形码 | 馆藏地/架位号 | 状态 | 备注 |
| 1 | 1161302 | 211613020 | 第二样本阅览室/ [索取号:K825.72/1189] | 在馆 | |
| 2 | 1161303 | 211613039 | 密集书库-史法系/ [索取号:K825.72/1189] | 在馆 | |
| 3 | 1161304 | 211613048 | 第二借阅区/ [索取号:K825.72/1189] | 在馆 | |
| 4 | 1161305 | 211613057 | 第二借阅区/ [索取号:K825.72/1189] | 在馆 | |
| 5 | 1161306 | 211613066 | 第二借阅区/ [索取号:K825.72/1189] | 在馆 |